| 000 -CABECERA |
| Longitud fija campo de control |
00591nam a22001697a 4500 |
| 003 - IDENTIFICADOR DEL NÚMERO DE CONTROL |
| Identificador del número de control |
OSt |
| 005 - FECHA Y HORA DE LA ÚLTIMA TRANSACCIÓN |
| Fecha y hora de la última transacción |
20130528161705.0 |
| 008 - CÓDIGOS DE INFORMACIÓN DE LONGITUD FIJA |
| Códigos de información de longitud fija |
130528s1998 sp ||||| |||| 00| 0 spa d |
| 020 ## - NÚMERO INTERNACIONAL NORMALIZADO PARA LIBROS |
| Número Internacional Normalizado para Libros (ISBN) |
8403595034 |
| 040 ## - FUENTE DE LA CATALOGACIÓN |
| Centro transcriptor |
CDMR |
| 100 1# - PUNTO DE ACCESO PRINCIPAL-NOMBRE DE PERSONA |
| 9 (RLIN) |
3529 |
| Nombre de persona |
Carabias, Josefina |
| 245 10 - MENCIÓN DE TÍTULO |
| Título |
Como yo los he visto |
| Resto del título |
: encuentros con Valle-Inclán, Unamuno, Baroja, Marañón, Pastora Imperio, Ramiro de Maeztu y Belmonte. |
| Mención de responsabilidad, etc. |
Josefina Carabias ;prólogo de Victoria Prego |
| 260 ## - PUBLICACIÓN, DISTRIBUCIÓN, ETC. (PIE DE IMPRENTA) |
| Lugar de publicación, distribución, etc. |
Madrid |
| Nombre del editor, distribuidor, etc. |
El País / Aguilar |
| Fecha de publicación, distribución, etc. |
DL 1998 |
| 300 ## - DESCRIPCIÓN FÍSICA |
| Extensión |
223 p. |
| 650 04 - PUNTO DE ACCESO ADICIONAL DE MATERIA - TÉRMINO DE MATERIA |
| 9 (RLIN) |
3533 |
| Término de materia o nombre geográfico como elemento inicial |
Escriptors |
| Subdivisión de materia general |
Anècdotes |
| Subdivisión cronológica |
S.XX |
| Subdivisión geográfica |
Espanya |
| 942 ## - ENTRADA DE ELEMENTOS AGREGADOS (KOHA) |
| Fuente de clasificaión o esquema |
|
| Koha [por defecto] tipo de item |
Monografies |